Euro 2024 Host Cities - Statistics

General Stats
  • This quiz has been taken 79 times
  • The average score is 9 of 10
Answer Stats
Answer % Correct
Berlin
97%
Hamburg
95%
Munich
95%
Dortmund
93%
Frankfurt
85%
Leipzig
84%
Stuttgart
84%
Cologne
82%
Gelsenkirchen
76%
Dusseldorf
73%
No matching quizzes found
Score Distribution
Percent of People with Each Score
Percentile by Number Answered
Your Score History
You have not taken this quiz